Internationally Valid Document of the Council of Europe - The Framework Convention on the Protection of National Minoritis. Its Implementation in the Slovak Republic

Salvato in:
Dettagli Bibliografici
Autore principale: Kupkovič, Miroslav
Natura: Capitolo di libro
Lingua:inglese
Tags: Aggiungi Tag
Nessun Tag, puoi essere il primo ad aggiungerne!!

MARC

LEADER 00000naa$a2200000$$$4500
001 0060379
005 20240502083142.9
041 0 |a eng 
044 |a PL 
245 1 0 |a Internationally Valid Document of the Council of Europe - The Framework Convention on the Protection of National Minoritis. Its Implementation in the Slovak Republic  |c Miroslav Kupkovič 
100 1 |a Kupkovič, Miroslav